Cargando...

MIMAMSA SLOKA VARITIKA

Detalles Bibliográficos
Autor principal: KUMARIKA BHATTA
Formato: Printed Book
Publicado: BENARAS TARA PRINTING PRESS 1898
Materias:
LEADER 00412nam a2200169 4500
020
082
100 |a KUMARIKA BHATTA 
245 |a MIMAMSA SLOKA VARITIKA  |h SANSKRIT 
250
260 |a BENARAS  |b TARA PRINTING PRESS  |c 1898 
300 |f HB 
650 |a MIMAMSA SLOKA VARITIKA 
700
942 |c BK 
999 |c 160993  |d 160993 
952 |0 0  |1 0  |4 0  |7 0  |9 174450  |a ORI  |b ORI  |l 0  |p ORIS2730  |r 2019-10-25  |w 2019-10-25  |y BK